000
00207nam a22000857a 4500
008
170622b xxu||||| |||| 00| 0 eng d
100
_9
3638
_a
NCERT
245
_a
Physics Class - XII Part - 1
260
_a
NCERT
_c
1988
999
_c
7029
_d
7029